Die 5 größten Tiere ihrer Gattung - Statistiken

Allgemein
  • Dieses Quiz wurde 913 mal gespielt
  • Das Durchschnittsergebnis liegt bei 12 aus 30
Antwortstatistiken
Nummer Größe Antwort % Korrekt
1 7t Afrikanischer Elefant
89%
2 4t Asiatischer Elefant
89%
1 27-33m Blauwal
88%
3 2,5t Breitmaulnashorn
74%
1 2,8m Afrikanische Strauß
73%
4 2,2t Flusspferd
73%
5 1,4t Giraffe
73%
2 9,6m Große Anakonda
70%
3 7m Weiße Hai
70%
1 18,9m Walhai
68%
3 20m Pottwal
63%
3 1,5m Emu
56%
1 4,5-5,4m Leistenkrokodil
45%
2 4,5-5,4m Nilkrokodil
42%
5 5,5m Tigerhai
34%
1 10m Netzpython
25%
2 20-27m Finnwal
24%
2 12,3m Riesenhai
24%
5 1,4m Nandu
23%
5 18m Grönlandwal
21%
5 3-4,2m Schwarze Kaiman
19%
3 5,1m Gangesgavial
16%
2 1,6m Helmkasuar
15%
4 8m Tigerpython
14%
4 1,5m Einlappenkasuar
13%
4 7m Riesenmanta
10%
5 6-8m Felsenpython
9%
4 18,5m Pazifische Nordkaper
7%
4 3-4,8m Orinoko-Krokodil
2%
3 8,5m Amethystpython
1%
Keine übereinstimmenden Quizze gefunden
Verteilung der Resultate
Anzahl Personen mit jedem Resultat
Perzentil nach korrekt beantworteten Fragen
Ihre Resultats-Entwicklung
Sie haben dieses Quiz noch nicht gespielt